00830nam a2200265 a 4500003000900000005001700009008004100026040001300067100002700080245005500107260005600162300003100218504005800249650002200307650002600329650003200355650002600387650002700413650001400440650002100454651001900475651001600494700001900510700003500529AR-BaBNM20251128203441.0082120s2002 ||||||||||||||000 | spa|| cAR-BaBNM1 aDíaz Molano, Elías00aTierras australes argentinasbMalvinas-Antártida aBuenos AiresbSociedad Geográfica Americanac1948 a384 p.bil., láms.,mapas aBibliografía para consultar p. 193-200 y p. 373-380 4aPERIODO HISPANICO 4aPERIODO INDEPENDIENTE 4aHISTORIA POLITICA ARGENTINA 4aMISIONES DIPLOMATICAS 4aTRATADO DE TORDESILLAS 4aGEOFISICA 4aGEOGRAFIA FISICA 4aIslas Malvinas 4aAntártida1 aHomet, Esteban1 aChaparro, Félixeprologuista